[Event "Kastav Summer op"]
[Site "Kastav"]
[Date "2015.08.21"]
[Round "6"]
[White "Podobnik, Eugen"]
[Black "Milosevic, Bozidar"]
[Result "0-1"]
[WhiteElo "1456"]
[BlackElo "1588"]
[PlyCount "58"]
[EventDate "2015.08.19"]
[EventType "swiss"]
[EventRounds "9"]
[EventCountry "CRO"]
[SourceTitle "EXT 2016"]
[Source "ChessBase"]
[SourceDate "2015.10.08"]
[SourceVersion "1"]
[SourceVersionDate "2015.10.08"]
[SourceQuality "1"]

1. e4 e5 2. f4 Nc6 3. Bc4 Qf6 4. fxe5 Qh4+ 5. Kf1 Qxe4 6. Bb3 Nxe5 7. Nc3 Qf5+ 8. Ke1 Be7 9. d4 Ng4 10. Nf3 b6 11. Rf1 Ba6 12. Rg1 Bd6 13. Qd2 Kf8 14. Kd1 Re8 15. h3 Nh2 16. Qg5 Nh6 17. Nd5 Be2+ 18. Kd2 Bxf3 19. Qxf5 Nxf5 20. Kc3 Bxd5 21. Bxd5 c5 22. dxc5 bxc5 23. Rd1 Re2 24. g4 Nd4 25. Bb3 h5 26. Kd3 hxg4 27. c3 Rxh3+ 28. Kc4 Nf5 29. Bc2 Rxc2 0-1

[Event "Mediterranean op 7th"]
[Site "Rijeka"]
[Date "2014.11.13"]
[Round "7"]
[White "Milosevic, Bozidar"]
[Black "Dasic, Jelena"]
[Result "1/2-1/2"]
[WhiteElo "1670"]
[BlackElo "1642"]
[PlyCount "80"]
[EventDate "2014.11.08"]
[EventType "swiss"]
[EventRounds "9"]
[EventCountry "CRO"]
[SourceTitle "CBM 163 Extra"]
[Source "ChessBase"]
[SourceDate "2014.12.23"]
[SourceVersion "1"]
[SourceVersionDate "2014.12.23"]
[SourceQuality "1"]

1. e4 e6 2. d4 d5 3. Nd2 c5 4. Ngf3 cxd4 5. Nxd4 Bc5 6. N4b3 Bb6 7. Bd3 Nc6 8. c3 Nf6 9. Qc2 Ng4 10. Nd4 e5 11. h3 Nxf2 12. Kxf2 exd4 13. c4 dxe4 14. Nxe4 Qh4+ 15. g3 Qe7 16. Bg5 f6 17. Bf4 Ne5 18. Kg2 Bd7 19. Rae1 Bc6 20. Kf2 g5 21. Bd2 0-0-0 22. Rhf1 Bxe4 23. Rxe4 f5 24. Re2 Nxd3+ 25. Qxd3 Qf6 26. Rfe1 Rhf8 27. Re6 Qg7 28. c5 Bc7 29. c6 f4 30. g4 h5 31. Bb4 Rf7 32. Re8 hxg4 33. cxb7+ Kb8 34. Rxd8+ Bxd8 35. Bd6+ Kxb7 36. Qb5+ Bb6 37. Qd5+ Ka6 38. Qc4+ Kb7 39. Qd5+ Ka6 40. Qc4+ Kb7 1/2-1/2

[Event "Mediterranean op 7th"]
[Site "Rijeka"]
[Date "2014.11.10"]
[Round "4"]
[White "Milosevic, Bozidar"]
[Black "Kvaternik, Sinisa"]
[Result "0-1"]
[WhiteElo "1670"]
[BlackElo "1887"]
[PlyCount "78"]
[EventDate "2014.11.08"]
[EventType "swiss"]
[EventRounds "9"]
[EventCountry "CRO"]
[SourceTitle "CBM 163 Extra"]
[Source "ChessBase"]
[SourceDate "2014.12.23"]
[SourceVersion "1"]
[SourceVersionDate "2014.12.23"]
[SourceQuality "1"]

1. e4 c5 2. Bc4 Nc6 3. Nf3 e6 4. Nc3 g6 5. a3 Bg7 6. d3 Nge7 7. 0-0 0-0 8. Bg5 f6 9. Bf4 d5 10. exd5 exd5 11. Ba2 Be6 12. Re1 Bf7 13. Nb5 g5 14. Bg3 Nf5 15. Qd2 Nxg3 16. fxg3 d4 17. b3 a6 18. c4 axb5 19. cxb5 Ne5 20. a4 b6 21. h4 Nxf3+ 22. gxf3 gxh4 23. gxh4 Bd5 24. Rf1 Qd6 25. Qg2 Kh8 26. Kf2 Bh6 27. Ke2 Qf4 28. Kd1 Rae8 29. Kc2 Rg8 30. Qf2 Re3 31. Rg1 Rxf3 32. Rxg8+ Kxg8 33. Rg1+ Kh8 34. Qe1 Rf2+ 35. Kb1 Qe3 36. Qd1 Qd2 37. Rg8+ Kxg8 38. Qg4+ Kh8 39. Qc8+ Bg8 0-1

[Event "Rijeka Liburnija op"]
[Site "Rijeka"]
[Date "2014.01.19"]
[Round "4"]
[White "Hodanic, Darko"]
[Black "Milosevic, Bozidar"]
[Result "1-0"]
[WhiteElo "1977"]
[BlackElo "1694"]
[PlyCount "65"]
[EventDate "2014.01.17"]
[EventType "swiss"]
[EventRounds "9"]
[EventCountry "CRO"]
[SourceTitle "CBM 158 Extra"]
[Source "ChessBase"]
[SourceDate "2014.02.28"]
[SourceVersion "1"]
[SourceVersionDate "2014.02.28"]
[SourceQuality "1"]

1. e4 e5 2. Bc4 Nc6 3. d3 Nf6 4. a3 a6 5. b4 b5 6. Bb3 Nd4 7. Ba2 c5 8. c3 Ne6 9. Ne2 Bb7 10. 0-0 Be7 11. f4 exf4 12. Nxf4 Bd6 13. Nd5 Qb8 14. Qf3 Bxh2+ 15. Kh1 Be5 16. bxc5 h6 17. d4 Ng5 18. Qd3 Nxd5 19. exd5 Bf6 20. Bf4 Qd8 21. Bd6 Qa5 22. Re1+ Kd8 23. Nd2 Kc8 24. c4 Qd8 25. cxb5 axb5 26. Qxb5 Ra5 27. Qb4 Ra6 28. Nc4 Bxd4 29. Rab1 Ra7 30. Nb6+ Qxb6 31. cxb6 Bxd5 32. Qxd4 Bxg2+ 33. Kxg2 1-0

[Event "Mediterranean op 6th"]
[Site "Rijeka"]
[Date "2013.12.07"]
[Round "9"]
[White "Ozimec, Zoran"]
[Black "Milosevic, Bozidar"]
[Result "1-0"]
[WhiteElo "1770"]
[BlackElo "1734"]
[PlyCount "37"]
[EventDate "2013.11.30"]
[EventType "swiss"]
[EventRounds "9"]
[EventCountry "CRO"]
[SourceTitle "CBM 157 Extra"]
[Source "ChessBase"]
[SourceDate "2013.12.19"]
[SourceVersion "1"]
[SourceVersionDate "2013.12.19"]
[SourceQuality "1"]

1. e4 e5 2. Nf3 Nc6 3. d4 exd4 4. Bc4 Bb4+ 5. c3 dxc3 6. 0-0 cxb2 7. Bxb2 Bf8 8. Nc3 d6 9. Qd2 h6 10. Rad1 Bg4 11. Qf4 Nf6 12. e5 Bxf3 13. exf6 Bxd1 14. fxg7 d5 15. gxh8Q dxc4 16. Rxd1 Qxd1+ 17. Nxd1 0-0-0 18. Nc3 Nd4 19. Qhxd4 1-0

[Event "Mediterranean op 6th"]
[Site "Rijeka"]
[Date "2013.12.01"]
[Round "3"]
[White "Milosevic, Bozidar"]
[Black "Sajn, Simon"]
[Result "0-1"]
[WhiteElo "1734"]
[BlackElo "2035"]
[PlyCount "114"]
[EventDate "2013.11.30"]
[EventType "swiss"]
[EventRounds "9"]
[EventCountry "CRO"]
[SourceTitle "CBM 157 Extra"]
[Source "ChessBase"]
[SourceDate "2013.12.19"]
[SourceVersion "1"]
[SourceVersionDate "2013.12.19"]
[SourceQuality "1"]

1. e4 c5 2. Bc4 e6 3. Nc3 a6 4. a4 d6 5. d3 Nf6 6. h3 Be7 7. Bg5 Nc6 8. Nf3 0-0 9. 0-0 b6 10. Ne2 d5 11. exd5 Nxd5 12. Bd2 Bf6 13. c3 Bb7 14. Ng3 Ne5 15. Nxe5 Bxe5 16. f4 Bc7 17. Ne4 Qh4 18. Bxd5 Bxd5 19. Be1 Qh6 20. Bd2 Qg6 21. Qe2 c4 22. Ng5 cxd3 23. Qf2 Rac8 24. g4 h6 25. Nf3 Bxf3 26. Qxf3 Rfd8 27. Kh1 e5 28. f5 Qd6 29. Qe4 Qd5 30. Rae1 f6 31. Rf3 Qxe4 32. Rxe4 Rd7 33. h4 Kf7 34. g5 hxg5 35. hxg5 Rh8+ 36. Kg2 fxg5 37. Rh3 Rh6 38. Rg3 Rh4 39. Rxh4 gxh4 40. Rg4 Bd8 41. Rg6 e4 42. Kf2 Rd5 43. Ke3 h3 44. Rg3 Rxf5 45. Kxe4 Rh5 46. Rf3+ Ke6 47. Rf1 h2 48. Rh1 Rh3 49. Be3 Bc7 50. Bd2 Bd6 51. c4 Bc5 52. b4 Bg1 53. a5 bxa5 54. b5 axb5 55. cxb5 a4 56. Bc3 a3 57. b6 Bxb6 0-1

[Event "Wch Seniors 23rd"]
[Site "Opatija"]
[Date "2013.11.22"]
[Round "10"]
[White "Wilson, F Leon"]
[Black "Milosevic, Bozidar"]
[Result "0-1"]
[WhiteElo "1591"]
[BlackElo "1734"]
[PlyCount "63"]
[EventDate "2013.11.12"]
[EventType "swiss"]
[EventRounds "11"]
[EventCountry "CRO"]
[SourceTitle "CBM 157 Extra"]
[Source "ChessBase"]
[SourceDate "2013.12.19"]
[SourceVersion "1"]
[SourceVersionDate "2013.12.19"]
[SourceQuality "1"]

1. d4 Nf6 2. c4 e6 3. Nc3 c6 4. Nf3 d5 5. e3 Bb4 6. Bd2 0-0 7. Bd3 Bd6 8. c5 Bc7 9. Qc2 g6 10. h4 Kg7 11. 0-0-0 Rh8 12. Rdg1 h5 13. Ne5 Bxe5 14. dxe5 Ng4 15. f4 Nf2 16. Rh2 Nxd3+ 17. Qxd3 b6 18. g4 Nd7 19. Qe2 Bb7 20. gxh5 Nf8 21. hxg6 fxg6 22. h5 Qe8 23. Qd3 a5 24. Ne2 Ba6 25. Qc2 Bxe2 26. f5 Bxh5 27. f6+ Kf7 28. Rxh5 Rxh5 29. cxb6 Qd8 30. Qc5 Nd7 31. Qc2 Nxe5 32. Bc3 0-1

[Event "Wch Seniors 23rd"]
[Site "Opatija"]
[Date "2013.11.18"]
[Round "6"]
[White "Bauza Mercere, Eduardo"]
[Black "Milosevic, Bozidar"]
[Result "0-1"]
[WhiteElo "1811"]
[BlackElo "1734"]
[PlyCount "60"]
[EventDate "2013.11.12"]
[EventType "swiss"]
[EventRounds "11"]
[EventCountry "CRO"]
[SourceTitle "CBM 157 Extra"]
[Source "ChessBase"]
[SourceDate "2013.12.19"]
[SourceVersion "1"]
[SourceVersionDate "2013.12.19"]
[SourceQuality "1"]

1. e4 e5 2. Nf3 Nc6 3. Bb5 Nf6 4. Qe2 a6 5. Ba4 b5 6. Bb3 Bc5 7. c3 0-0 8. 0-0 d6 9. h3 Bd7 10. Re1 Qc8 11. d4 Ba7 12. a4 g6 13. Bh6 Re8 14. axb5 axb5 15. d5 Ne7 16. Ng5 Nh5 17. Qf3 f6 18. Ne6 Bxe6 19. dxe6 Bxf2+ 20. Kxf2 Rxa1 21. g4 Nf4 22. g5 fxg5 23. Ke3 Qb8 24. Qf1 b4 25. c4 Qb6+ 26. Kf3 Qc5 27. Kg4 Qc6 28. Qf3 Qa8 29. Bxg5 h5+ 30. Kh4 Nf5+ 0-1

[Event "Wch Seniors 23rd"]
[Site "Opatija"]
[Date "2013.11.13"]
[Round "2"]
[White "Nilsson, Weine"]
[Black "Milosevic, Bozidar"]
[Result "1-0"]
[WhiteElo "2003"]
[BlackElo "1734"]
[PlyCount "97"]
[EventDate "2013.11.12"]
[EventType "swiss"]
[EventRounds "11"]
[EventCountry "CRO"]
[SourceTitle "CBM 157 Extra"]
[Source "ChessBase"]
[SourceDate "2013.12.19"]
[SourceVersion "1"]
[SourceVersionDate "2013.12.19"]
[SourceQuality "1"]

1. c4 e5 2. Nc3 Nf6 3. g3 Bc5 4. Bg2 a6 5. e3 0-0 6. Nge2 d6 7. 0-0 c6 8. d4 Bb6 9. b4 Re8 10. a4 Bg4 11. h3 Be6 12. d5 cxd5 13. cxd5 Bd7 14. Qb3 Qc8 15. Kh2 h6 16. Ba3 Bf5 17. e4 Bh7 18. Rac1 Qd8 19. Rc2 Nbd7 20. f3 Nh5 21. Bc1 g5 22. a5 Ba7 23. Na4 Qe7 24. Rc7 Rab8 25. Be3 Bxe3 26. Qxe3 Rec8 27. Rfc1 Qd8 28. Qc3 Rxc7 29. Qxc7 Qxc7 30. Rxc7 Nhf6 31. Nec3 b6 32. Rc6 bxa5 33. bxa5 Ne8 34. Bf1 f5 35. Bxa6 fxe4 36. fxe4 Nc5 37. Nxc5 dxc5 38. Rxc5 Nd6 39. Bd3 Rb2+ 40. Kg1 Rd2 41. a6 Rxd3 42. a7 Kg7 43. a8Q Kg6 44. Qc6 Kh5 45. Qxd6 Re3 46. Rc6 Rxg3+ 47. Kh2 Rxh3+ 48. Kxh3 Bf5+ 49. exf5 1-0